Pakistan mein deeni taleem / (Record no. 526285)

000 -LEADER
fixed length control field 00514nam a22001817a 4500
003 - CONTROL NUMBER IDENTIFIER
control field NUST
020 ## - INTERNATIONAL STANDARD BOOK NUMBER
International Standard Book Number 978-969-448-097-8
038 ## - RECORD CONTENT LICENSOR
Staff Name NUST
082 ## - DEWEY DECIMAL CLASSIFICATION NUMBER
Classification number 297.07
Author Mark REH
100 ## - MAIN ENTRY--PERSONAL NAME
Personal name Khalid Rehman
9 (RLIN) 17261
245 ## - TITLE STATEMENT
Title Pakistan mein deeni taleem /
Statement of responsibility, etc. Khalid Rehman.
260 ## - PUBLICATION, DISTRIBUTION, ETC.
Place of publication, distribution, etc. Islambad :
Name of publisher, distributor, etc. Institute of Policy studies ,
Date of publication, distribution, etc. 2009.
300 ## - PHYSICAL DESCRIPTION
Extent 367 p.:
Dimensions 22 cm.
500 ## - GENERAL NOTE
General note Hardback.
880 ## - ALTERNATE GRAPHIC REPRESENTATION
Linkage 100-01\r
Title خالد رحمن
880 ## - ALTERNATE GRAPHIC REPRESENTATION
Linkage 245-02\r
Title پاکستان میں دینی تعیلم
942 ## - ADDED ENTRY ELEMENTS (KOHA)
Source of classification or shelving scheme
Koha item type Book
Holdings
Withdrawn status Lost status Source of classification or shelving scheme Damaged status Not for loan Permanent Location Current Location Shelving location Date acquired Total Checkouts Full call number Barcode Date last seen Price effective from Koha item type
          Central Library (CL) Central Library (CL) First Floor - Islam 07/10/2019   297.07 REH CL-E-309 07/10/2019 07/10/2019 Book
© 2023 Central Library, National University of Sciences and Technology. All Rights Reserved.